Mobile Internet : (Record no. 196099)
[ view plain ]
| 000 -LEADER | |
|---|---|
| fixed length control field | 01590 a2200277 4500 |
| 003 - CONTROL NUMBER IDENTIFIER | |
| control field | Nust |
| 005 - DATE AND TIME OF LATEST TRANSACTION | |
| control field | 20220721153157.0 |
| 010 ## - LIBRARY OF CONGRESS CONTROL NUMBER | |
| LC control number | 2003069582 |
| 020 ## - INTERNATIONAL STANDARD BOOK NUMBER | |
| International Standard Book Number | 0-8493-1631-6 (alk. paper) |
| 035 ## - SYSTEM CONTROL NUMBER | |
| System control number | (DLC) 2003069582 |
| 040 ## - CATALOGING SOURCE | |
| Transcribing agency | Nust |
| 082 00 - DEWEY DECIMAL CLASSIFICATION NUMBER | |
| Classification number | 004.678,MOB |
| 245 00 - TITLE STATEMENT | |
| Title | Mobile Internet : |
| Remainder of title | enabling technologies and services / |
| Statement of responsibility, etc. | edited by Apostolis K. Salkintzis and Alexander P. Poularikas. |
| 260 ## - PUBLICATION, DISTRIBUTION, ETC. | |
| Place of publication, distribution, etc. | Boca Raton, FL : |
| Name of publisher, distributor, etc. | CRC Press, |
| Date of publication, distribution, etc. | 2004. |
| 300 ## - PHYSICAL DESCRIPTION | |
| Extent | var. pag. |
| Other physical details | ill. |
| Dimensions | 26 cm. |
| 440 #0 - SERIES STATEMENT/ADDED ENTRY--TITLE | |
| Title | Electrical engineering and applied signal processing series |
| 9 (RLIN) | 55596 |
| 505 ## - FORMATTED CONTENTS NOTE | |
| Formatted contents note | The Evolution toward the Mobile Internet (Various Pages)), Internet Access over Wireless LANs (Various Pages)), Internet Access over GPRS (Various Pages)), Internet Access over Satellites (Various Pages)), Mobility Management in Mobile IP Networks(Various Pages), Quality of Service in Mobile IP Networks(Various Pages)), Multicast in Mobile IP Networks, Secure Mobility in Wireless IP Networks (Various Pages)), Security Issues in Wireless IP Networks (Various Pages)), Header Compression Schemes for Wireless Internet A Video Streaming in Wireless Internet (Various Pages), Integration of WLANs and Cellular Data Networks for Next-Generation Mobile Internet Access (Various Pages). |
| 650 #0 - SUBJECT ADDED ENTRY--TOPICAL TERM | |
| Topical term or geographic name entry element | Internet |
| 9 (RLIN) | 17965 |
| 650 #0 - SUBJECT ADDED ENTRY--TOPICAL TERM | |
| Topical term or geographic name entry element | Internet |
| 9 (RLIN) | 17965 |
| 650 #0 - SUBJECT ADDED ENTRY--TOPICAL TERM | |
| Topical term or geographic name entry element | Mobilt Internet |
| 9 (RLIN) | 94438 |
| 650 #0 - SUBJECT ADDED ENTRY--TOPICAL TERM | |
| Topical term or geographic name entry element | Wireless Internet |
| 9 (RLIN) | 94289 |
| 650 #0 - SUBJECT ADDED ENTRY--TOPICAL TERM | |
| Topical term or geographic name entry element | Wireless Internet. |
| 9 (RLIN) | 94289 |
| 700 1# - ADDED ENTRY--PERSONAL NAME | |
| Personal name | Poularikas, Alexander D., |
| Dates associated with a name | 1933- |
| 9 (RLIN) | 94439 |
| 700 1# - ADDED ENTRY--PERSONAL NAME | |
| Personal name | Salkintzis, Apostolis K. |
| 9 (RLIN) | 94440 |
| 942 ## - ADDED ENTRY ELEMENTS (KOHA) | |
| Source of classification or shelving scheme | |
| Koha item type | Book |
| Withdrawn status | Lost status | Source of classification or shelving scheme | Damaged status | Not for loan | Permanent Location | Current Location | Shelving location | Date acquired | Full call number | Barcode | Date last seen | Price effective from | Koha item type | Public note |
|---|---|---|---|---|---|---|---|---|---|---|---|---|---|---|
| Military College of Signals (MCS) | Military College of Signals (MCS) | Reference | 12/12/2016 | 004.678,MOB | MCS31740 | 12/08/2016 | 12/12/2016 | Book | Almirah No.17, Shelf No.4 |
